Mengenal iman, murtad, kufur, syirik, munafiq, zalim, fasiq

Bibliographic Details
Main Author: Ismail Awang (Author)
Format: Book
Published: Kota Bharu, Kelantan : Jaffar Rawas , 1983
Subjects:

MARC

LEADER 00000cam a2200000 7i4500
001 0000004659
005 20091112093000.0
008 021118s1983
090 0 0 |a BP166.78   |b .I851 
100 0 |a Ismail Awang ,   |e author 
245 1 0 |a Mengenal iman, murtad, kufur, syirik, munafiq, zalim, fasiq   |c Ismail bin Awang 
260 2 |a Kota Bharu, Kelantan :   |b Jaffar Rawas ,   |c 1983 
300 |a 102 p. ;   |c 18 cm. 
504 |a Includes bibliographical references (p. 101) 
650 0 |a Apostasy   |x Islam 
650 0 |a Faith (Islam) 
650 0 |a Offences against religion   |x Religious aspects   |x Islam 
999 |a 1000006518   |b Book   |c OPEN SHELF (30 DAYS)   |e Gong Badak Campus